TV Shows Described by AI - Statistics

General Stats
  • This quiz has been taken 161 times
  • The average score is 6 of 14
Answer Stats
Description Show % Correct
[character], a high school chemistry teacher diagnosed with inoperable lung cancer turns to producing and selling methamphetamine as he struggles with finances, family and his own mortality. Breaking Bad
83%
In a mysterious and exotic location, an airplane crashes on a tropical island. The survivors of the crash are marooned in this foreign land and must survive against all odds. Lost
79%
In a nutshell, this is about four guys and one girl who are all scientists, or at least they think they're scientists. It's not really clear what sort of science it is to be honest, but they all seem quite happy with their lives, so I guess that's okay. The Big Bang Theory
75%
The interns are excited to start their first day of work at [Location], but they quickly discover that it's not easy being a surgeon. With more than just life-and-death decisions on the line, this is no ordinary internship. Grey's Anatomy
72%
In the aftermath of World War II, a young woman named [character] is to be crowned Queen of England. The crown must pass from the Queen Mother's generation to [character]'s; the only problem is that there are two sons who could inherit the throne: her brother and her husband. The Crown
60%
In a mythical world, vast and dangerous beyond imagination, the struggle between men and women has begun. In this savage land, where summers are long and winters can be brutal, ice zombies walk the forests and castles burn in the night. Game of Thrones
49%
You're a contestant on [show]. You'll be competing against other home cooks, each with their own story to tell. One of these contestants is you! Your journey begins in your kitchen, where you will have four weeks to prepare three meals per week. MasterChef
37%
Each week, we see a [show title] and how they deal with life's trials. There is a gay couple, an Indian-American family who keeps their mother at home, a white couple whose dad comes back from Afghanistan, and so on. Modern Family
23%
Two very wealthy people, who are not actually that nice, become broke. It's funny! Schitt's Creek
23%
The main character is a squid who has to go through each day of his life, from morning until night, fighting off all kinds of monsters and beasts while trying not to get caught by police. The reason being he's wanted dead or alive, by both the police and the mafia. Squid Game
21%
Fresh off the plane in the big city, [actor]'s character is a wide-eyed kid who gets into all kinds of trouble. It was sort of like a poor man's version of The Wonder Years. The Fresh Prince of Bel-Air
21%
The travails of a lone gunfighter in the outer reaches of the galaxy far from the authority of the New Republic. The Mandalorian
21%
The premise of the TV show was to take an ordinary person with an extraordinary amount of money, and turn them into a millionaire over the course of ten weeks. Who Wants to Be a Millionaire?
15%
"[character], a brilliant young college dropout who has never done an honest day's work in his life." A bit of research later and it became apparent that he was a con artist. And so I'd learned something new while watching TV! Suits
14%
No matching quizzes found
Score Distribution
Percent of People with Each Score
Percentile by Number Answered
Your Score History
You have not taken this quiz